| 000 | 00465nam a2200145 a 4500 | ||
|---|---|---|---|
| 001 | 000033804 | ||
| 005 | 20200930070530.0 | ||
| 008 | 110912s1893 es 000 0 spa d | ||
| 040 |
_aDO-SdBNP _bspa _cBNPHU |
||
| 100 | 1 |
_aCastonnet des Fosses, H. _d1846-1898. _q(Henri) _959226 |
|
| 245 | 1 | 3 |
_aLa perte d'une colonie : _bla Révolucion de Saint-Domingue / _cH. Castonnet des Fosses. |
| 260 |
_aParis : _bA. Faivre, _c1893. |
||
| 300 |
_a377 p. ; _c19 cm. |
||
| 049 | _aBNPD | ||
| 999 |
_c33295 _d33295 |
||